000 00499nam a2200193 i 4500
001 9994
003 ES-MaACL
005 20230906145810.0
007 t|
008 940720s1990 xxk ||||1| eng d
020 _a0-586-09006-1
080 _a82-311.2"19"
080 _a82(Sillitoe,A.7 K.01)
100 1 _aSillitoe, Alan.
_9106352
245 1 0 _aKey to the door /
_cAlan Sillitoe.
260 _aLondon :
_bPaladin,
_c1990.
300 _a474 p. ;
_c20 cm.
852 _aES-MaACL
_jL-17507
_bR.122389
999 _c9994
_d9994